00500nam a2200169Ia 4500008004100000082000800041100003700049245004000086250000600126260003500132300001100167500002400178650001400202942000700216952009000223999001700313230524s9999 xx 000 0 und d bPSG aPSG College of Technology942722 0aDesign Data: Data Book of Engineers a1 aNew DelhibLaxmi Publi.c2011 a14.7p; aQuantity Number: 1 aMechanics cBK 00104070aTATCLbTATCLcGENd2023-05-24l0o PSGp54070r2023-05-24w2023-05-24yBK c57706d57706